Normal view
MARC view
- Edwards, Jonathan
Entry Personal Name
001 - CONTROL NUMBER
- control field: 119805
003 - CONTROL NUMBER IDENTIFIER
- control field: NUST
005 - DATE AND TIME OF LATEST TRANSACTION
- control field: 20231226151939.0
008 - FIXED-LENGTH DATA ELEMENTS
- fixed length control field: 231226|| aca||aabn | a|a d
040 ## - CATALOGING SOURCE
- Original cataloging agency: NUST
- Transcribing agency: NUST
100 ## - HEADING--PERSONAL NAME
- Personal name: Edwards, Jonathan
670 ## - SOURCE DATA FOUND
- Source citation: Work cat.: (NUST)607355: An encyclopedia of garden plants & techniques: a comprehensive illustrated guide to creating your ideal garden , 2005.
